Can You Guess the Country by the City? HARD - Statistics

General Stats
  • This quiz has been taken 18 times
  • The average score is 7 of 20
Answer Stats
City Country % Correct
Kano Nigeria
89%
Zacatecas Mexico
83%
Baqubah Iraq
56%
Giresun Turkey
56%
Kraljevo Serbia
50%
Ganja Azerbaijan
39%
Ciego de Avila Cuba
39%
Kunduz Afghanistan
33%
Sittwe Myanmar
33%
Barisal Bangladesh
28%
Moundou Chad
28%
Taraz Kazakhstan
28%
Guelmim Morocco
28%
Rurrenabaque Bolivia
22%
Santa Ana El Salvador
22%
Erdenet Mongolia
22%
Mutare Zimbabwe
22%
Abomey Benin
17%
Toliara Madagascar
17%
Vilanculos Mozambique
17%
No matching quizzes found
Score Distribution
Percent of People with Each Score
Percentile by Number Answered
Your Score History
You have not taken this quiz